Diseño experimental no paramétrico : aplicado a las ciencias de la conducta /

Estudio acerca de la inferencia estadística aplicada a las pruebas de hipótesis, en razón de que permiten inferir consecuencias a partir de la observación de los fenómenos, en este caso de la investigación de la conducta. Para ello se proporcionan las herramientas estadísticas que permiten obtener c...

Descripció completa

Guardat en:
Dades bibliogràfiques
Autor principal: Siegel, Sidney (autor)
Altres autors: Aguilar Villalobos, Javier (traducción) (traducción)
Format: Llibre
Idioma:espanyol
Publicat: México : Trillas, 1970, c1970
Col·lecció:(Biblioteca Técnica de Psicología)
Matèries:
Etiquetes: Afegir etiqueta
Sense etiquetes, Sigues el primer a etiquetar aquest registre!

MARC

LEADER 00000nam^a2200000^a^4500
001 000259944
005 20250521000000.0
009 20260526133558.237
037 |a Acervo Xavier Clavigero 
041 |a ESP 
082 |a 519. 54  |b SIE 
100 |a Siegel, Sidney  |e (autor) 
240 1 1 |a [Estadística no paramétrica: aplicada a las ciencias de la conducta] 
245 1 0 |a Diseño experimental no paramétrico :  |b aplicado a las ciencias de la conducta /  |c S. Siegel ; tr. por J. Aguilar Villalobos. 
264 4 |a México :  |b Trillas,  |c 1970, c1970 
300 |a 346 p. 
336 |a texto  |b txt  |2 rdacontenido 
337 |a sin mediación  |b n  |2 rdamedio 
338 |a volumen  |b nc  |2 rdasoporte 
440 1 |a (Biblioteca Técnica de Psicología) 
500 |a Traducción de: Non Parametric Statistics for the Behavioral Sciences 
520 |a Estudio acerca de la inferencia estadística aplicada a las pruebas de hipótesis, en razón de que permiten inferir consecuencias a partir de la observación de los fenómenos, en este caso de la investigación de la conducta. Para ello se proporcionan las herramientas estadísticas que permiten obtener conclusiones, a través de la aplicación de pruebas estadísticas, análisis de muestras, medidas de correlación y pruebas de significación. 
649 |a XX 
650 |a Estadística No Paramétrica -  |x Tema Principal 
650 |a Muestreo (Estadística) 
650 |a Diseño Experimental 
650 |a Análisis Estadístico 
650 |a Investigación 
650 |a Metodología 
650 |a Psicología -  |x Metodología 
650 |a Estadística -  |x Metodología 
650 |a Matemáticas 
700 |a Aguilar Villalobos, Javier  |e (traducción) 
910 |a Fondo General 
920 |a Impresos - Libros 
930 |a Colección General 
905 |a 101 
901 |a 045557  |b IT1  |c ACC  |u 20250521 
902 |a https://opac.biblio.iteso.mx/vufind/Record/000259944